01221nam a2200313 a 4500001001200000003000800012006001900020007001500039008004100054010001700095020002800112040002100140035002100161050002400182082001500206100002000221245009100241260005100332300002300383504006400406533015200470650003600622650002500658650003500683655002900718710001700747856012600764999001700890ebr10040943CaPaEBRm u cr cn|||||||||980317s1998 dcua sb 001 0 eng  z 98017906  z0309064090 (alk. paper) aCaPaEBRcCaPaEBR a(OCoLC)61468383014aHV5740b.B75 1998eb04a613.852211 aBrigham, Janet.10aDying to quith[electronic resource] :bwhy we smoke and how we stop /cJanet Brigham. aWashington, D.C. :bJoseph Henry Press,c1998. axv, 289 p. :bill. aIncludes bibliographical references (p. 251-267) and index. aElectronic reproduction.bPalo Alto, Calif. :cebrary,d2013.nAvailable via World Wide Web.nAccess may be limited to ebrary affiliated libraries. 0aSmokingxPsychological aspects. 0aSmokingxPrevention. 0aTobaccoxPhysiological effect. 7aElectronic books.2local2 aebrary, Inc.40uhttp://site.ebrary.com/lib/rucke/Doc?id=10040943zAn electronic book accessible through the World Wide Web; click to view c60583d60583